• 首页
  • 本馆介绍
  • 公告通知
  • 最新文献
  • 馆藏检索
  • 电子资源
  • 读者导购
  • 参考咨询
  • 我的图书馆
  • 登录
  • 详细信息显示
  • 放入我的书架
  • 预约/预借图书
  • 作者相关作品
  • 分类相关作品
  • 丛书相关作品
  • 出版社相关作品

书目信息

  • 表格格式
  • 工作单格式
  • 卡片格式
题名:
偏微分方程的有限差分方法
    
 
作者: 福雪斯 , Forsythe , Wasow , 华沙 著 ;胡祖炽 译
分册:  
出版信息: 上海   上海科学技术出版社  1964
页数: 486页
开本: 20cm
丛书名:
单 册:
中图分类: O241.82
科图分类:
主题词: 微分差分方程 , 计算数学
电子资源:
ISBN:
000 00849nam0 2200277 45
001 0179001916
005 20060731153538.31
010    @dCNY2.30
091    @aCN@b13119.554
100    @a19950725e19791964em y0chiy0121 ea
101 1  @achi@ceng
102    @aCN@b310000
105    @ay z 000yy
200 10 @a偏微分方程的有限差分方法@Apian wei fen fang cheng de you xian cha fen fang fa@f(美)福雪斯(G,E.Forsythe),(美)华沙((W.R.Wasow)著@g胡祖炽等译
210    @a上海@c上海科学技术出版社@d1964@h1979重印
215    @a486页@d20cm
606    @a微分差分方程
606 0  @a计算数学
690    @aO241.82@v3
701  1 @a福雪斯@Afu xue si@bG.E.@4著
701 A1 @aForsythe@bG.E.@4著
701 A1 @aWasow@bW.R.@4著
701  1 @a华沙@Ahua sha@bW.R.@4著
702  0 @a胡祖炽@Ahu zu chi@4译
801  0 @aCN@bTSSF@c20060731
905    @a10447@e120@dO241.82
    
    偏微分方程的有限差分方法/(美)福雪斯(G,E.Forsythe),(美)华沙((W.R.Wasow)著/胡祖炽等译.-上海:上海科学技术出版社,1964(1979重印)
    486页;20cm
    
    
    ISBN :CNY2.30
    
●
相关链接 在E读中查询图书 在五车中查询图书 在当当中查询图书 在豆瓣中查询图书


正题名:偏微分方程的有限差分方法     索取号:O241.82/120         预约/预借

序号 登录号 条形码 馆藏地/架位号 状态 备注
1 0431946   204319460   第三借阅区/ [索取号:O241.82/120] 在馆    
2 0431947   204319479   第三借阅区/ [索取号:O241.82/120] 在馆    
唐山师范学院图书馆 欢迎您!
大连网信软件有限公司© 版权所有